000
00334nam a2200133Ia 4500
008
151001s9999||||xx |||||||||||||| ||und||
100
_a
बा ब देवधर
245
_a
उद्योगी सत्यवान
250
_a
1
260
_b
देवधर बा ब
260
_c
1912
300
_a
80
365
_b
7.5
999
_c
948721
_d
948718